Les pokémon de type acier (avec types indiqués) - Statistiques

Statistiques générales
  • Ce quiz a été pris 2 738 fois
  • Le résultat moyen est 31 sur 41
Statistiques - réponses
Génération Type(s) N°National Pokémon % Correct
1ère Electrique Acier 81 Magneti
98%
1ère Electrique Acier 82 Magneton
98%
2ème Acier Vol 227 Airmure
93%
2ème Insecte Acier 212 Cizayox
90%
4ème Electrique Acier 462 Magnezone
90%
3ème Acier Psy 376 Metalosse
88%
3ème Acier Psy 375 Metang
87%
3ème Acier Psy 374 Terhal
86%
3ème Acier Roche 304 Galekid
85%
3ème Acier Roche 306 Galeking
85%
3ème Acier Roche 305 Galegon
84%
4ème Feu Acier 485 Heatran
83%
2ème Acier Sol 208 Steelix
83%
4ème Acier Dragon 483 Dialga
82%
4ème Combat Acier 448 Lucario
80%
5ème Plante Acier 598 Noacier
80%
5ème Plante Acier 597 Grindur
79%
4ème Acier Psy 437 Archeodong
78%
6ème Acier Spectre 681 Exagide
78%
3ème Acier Fée 303 Mysdibule
78%
4ème Eau Acier 395 Pingoleon
78%
4ème Acier Psy 436 Archeomire
77%
4ème Roche Acier 411 Bastiodon
77%
4ème Roche Acier 410 Dinoclier
76%
6ème Acier Spectre 679 Monorpale
75%
6ème Acier Spectre 680 Dimocles
73%
2ème Insecte Acier 205 Foretress
72%
3ème Acier Psy 385 Jirachi
72%
5ème Tenebres Acier 625 Scalproie
71%
5ème Acier 600 Clic
70%
3ème Acier 379 Registeel
70%
5ème Tenebres Acier 624 Scalpion
70%
5ème Acier 599 Tic
70%
5ème Acier 601 Cliticlic
68%
5ème Insecte Acier 632 Fermite
68%
6ème Acier Fée 707 Trousselin
65%
5ème Insecte Acier 649 Genesect
64%
5ème Acier Combat 638 Cobaltium
62%
5ème Sol Acier 530 Minotaupe
62%
4ème Roche Acier 476 Tarinorme
55%
5ème Insecte Acier 589 Lancargot
52%
Aucun quiz correspondant
Distribution des résultats
% des personnes avec chaque résultat
Percentile par nombre de réponses
Votre historique - résultats
Vous n’avez pas pris ce quiz